• 首页
  • 本馆介绍
  • 公告通知
  • 最新文献
  • 馆藏检索
  • 电子资源
  • 读者导购
  • 参考咨询
  • 我的图书馆
  • 登录
  • 详细信息显示
  • 放入我的书架
  • 预约/预借图书
  • 作者相关作品
  • 分类相关作品
  • 丛书相关作品
  • 出版社相关作品

书目信息

  • 表格格式
  • 工作单格式
  • 卡片格式
题名:
《墨子》校释商兑
    
 
作者: 王焕镳 著
分册:  
出版信息: 北京   中国社会科学出版社  1986
页数: 299页
开本: 20cm
丛书名:
单 册:
中图分类: B224.3
科图分类:
主题词: 墨家--校勘
电子资源:
ISBN:
000 00629nam2 2200229 45
001 0186009001
005 20070802140120.68
010    @dCNY2.00
091    @a2190.095
100    @a19960215d1986 em y0chiy0121 ea
101 0  @achi
102    @aCN@b110000
105    @ay z 000yy
200 12 @a《墨子》校释商兑@Amo zi jiao shi shang dui@f王焕镳著@FWang Huan Biao Zhu
210    @a北京@c中国社会科学出版社@d1986
215    @a299页@d20cm
517 1  @a墨子校释商兑@Amo zi jiao shi shang dui
606 0  @a墨家@x校勘
690    @aB224.3@v3
701  0 @a王焕镳@4著
801  0 @aCN@bNLC@c20070802
905    @dB224.3@e47@f1@b163429
    
    《墨子》校释商兑/王焕镳著.-北京:中国社会科学出版社,1986
    299页;20cm
    
    
    ISBN :CNY2.00
    
●
相关链接 在E读中查询图书 在五车中查询图书 在当当中查询图书 在豆瓣中查询图书


正题名:《墨子》校释商兑     索取号:B224.3/47         预约/预借

序号 登录号 条形码 馆藏地/架位号 状态 备注
1 0163429   002049642   第一样本阅览室/ [索取号:B224.3/47] 在馆    
2 0163430   001586643   密集书库/ [索取号:B224.3/47] 在馆    
3 0790895   207908950   密集书库/ [索取号:B224.3/47] 在馆    
唐山师范学院图书馆 欢迎您!
大连网信软件有限公司© 版权所有